000 02293nam0a2200397 4500
001 RU\NLR\BIBL_A\011796321
005 20181016150733.0
010 _a978-57904-2237-9
_9500
021 _aRU
_bКН-П-18-059927
_9КН-П-18-4312
021 _aRU
_bКН-П-18-062480
_9КН-П-18-4493
035 _a(NLR Aleph) 011796321
035 _a(RuMoRGB)009717030
090 _a11848783
_c11848783
100 _a20180920d2017 k y0rusy50 ca
101 0 _arus
102 _aRU
105 _aab||z|||000zy
200 1 _aРусский язык и идентичность в России, странах СНГ и дальнего зарубежья
_e[монография
_fМаксимова С.Г., д.соц.н., Омельченко Д.А., к.соц.н., Ноянзина О.Е., к.соц.н. и др.]
_gМинистерство образования и науки Российской Федерации, Федеральное государственное бюджетное образовательное учреждение высшего образования "Алтайский государственный университет"
210 _aБарнаул
_cИзд-во Алтайского университета
_d2017
215 _a671 с.
_cил., цв. ил., карт., табл.
_d25
300 _aАвт. указаны на обороте тит. л.
320 _aБиблиогр.: с. 638-671 и в подстроч. примеч.
606 1 _aРусский язык
_xИстория
_z20 - 21 вв.
_2nlr_sh2
_3RU\NLR\AUTH\661482287
606 1 _aСоциолингвистика
_2nlr_sh2
_3RU\NLR\AUTH\6656387
686 1 _aШ141.12-014
686 1 _aШ100.3
701 1 _aМаксимова
_bС. Г.
_cд-р социол. наук
_gСветлана Геннадьевна
_3RU\NLR\AUTH\7735333
701 1 _aОмельченко
_bД. А.
_gДарья Алексеевна
701 1 _aНоянзина
_bО. Е.
_gОксана Евгеньевна
712 0 2 _aАлтайский государственный университет
_cБарнаул
_3RU\NLR\AUTH\889921403
_4475
942 _cBOOK
980 _aNBR
980 _aNB